Países Africanos por Línguas em 20 Segundos - Statistics

Estatísticas Gerais
  • Esse quiz foi jogado 78 vezes
  • A pontuação média é 46 de 54
Respostas no mapa
Respostas codificadas por cores de uma escala verde-vermelha no mapa do quiz de acordo com a % correta abaixo.
 
Estatísticas das Respostas
Línguas País % Correto
Espanhol, Francês, Português Guiné Equatorial
98%
Francês, Inglês Camarões
92%
Árabe, Francês Chade
92%
Árabe, Comoriano, Francês Comores
92%
Árabe, Francês Djibouti
92%
Inglês, Francês, Kinyarwanda Ruanda
92%
Francês, Inglês, Seychellense Seychelles
92%
Africâner, Inglês, Ndebele do Sul, Sepedi, Sesoto, Suázi, Tswana, Tsonga, Venda, Xhosa, Zulu África do Sul
90%
Português Angola
90%
Português Cabo Verde
90%
Inglês, Árabe, Tigrínia Eritreia
90%
Português Guiné-Bissau
90%
Português Moçambique
90%
Português São Tomé e Príncipe
90%
Árabe, Inglês Sudão
90%
Francês Benim
88%
Francês Burkina Faso
88%
Kirundi, Francês Burundi
88%
Francês Costa do Marfim
88%
Francês Gabão
88%
Francês Guiné
88%
Francês, Malgaxe Madagascar
88%
Francês Mali
88%
Francês Níger
88%
Francês, Sango República Centro-Africana
88%
Francês República Democrática do Congo
88%
Francês República do Congo
88%
Francês Senegal
88%
Francês Togo
88%
Inglês, Suaíli Quênia
86%
Suaíli, Inglês Tanzânia
86%
Inglês, Suaíli Uganda
86%
Inglês, Suázi Essuatíni
84%
Inglês Gâmbia
84%
Inglês Gana
84%
Inglês, Sesoto Lesoto
84%
Inglês Libéria
84%
Chewa, Inglês Malawi
84%
Inglês Maurícia
84%
Inglês Namíbia
84%
Inglês Nigéria
84%
Inglês Serra Leoa
84%
Inglês Sudão do Sul
84%
Inglês Zâmbia
84%
Inglês, Xona, Sindebele Zimbábue
84%
Árabe Argélia
82%
Árabe Egito
82%
Árabe Líbia
82%
Bérbere, Árabe Marrocos
82%
Árabe Mauritânia
82%
Árabe, Somali Somália
82%
Árabe Tunísia
82%
Amárico Etiópia
33%
Tswana Botswana
8%
Nenhum quiz correspondente encontrado
Distribuição das Pontuações
Porcentagem de Pessoas com Cada Pontuação
Percentil de Números Respondidos
Sua Pontuação Histórica
Você não jogou esse quiz